Elements of social and political philosophy / (Record no. 33771)
[ view plain ]
| 000 -LEADER | |
|---|---|
| fixed length control field | 00878nam a2200289 4500 |
| 001 - CONTROL NUMBER | |
| control field | 33771 |
| 003 - CONTROL NUMBER IDENTIFIER | |
| rucl marc code | BD-RjUL |
| 005 - DATE AND TIME OF LATEST TRANSACTION | |
| control field | 20211209052046.0 |
| 008 - FIXED-LENGTH DATA ELEMENTS--GENERAL INFORMATION | |
| fixed length control field | 140511s1976 ne b 001 0 eng |
| 020 ## - INTERNATIONAL STANDARD BOOK NUMBER | |
| International Standard Book Number | 9024717442 : |
| 035 ## - SYSTEM CONTROL NUMBER | |
| System control number | (BD-RjUL)33862 |
| 040 ## - CATALOGING SOURCE | |
| Original cataloging agency | DLC |
| Transcribing agency | DLC |
| Modifying agency | DLC |
| -- | BD-RjUL |
| Language of cataloging | eng |
| 041 ## - LANGUAGE CODE | |
| Language code of text/sound track or separate title | eng |
| 082 00 - DEWEY DECIMAL CLASSIFICATION NUMBER | |
| Classification number | 320.5 |
| Author mark and year | SRE 1976 |
| 100 1# - MAIN ENTRY--PERSONAL NAME | |
| Personal name | Srzednicki, Jan T. J. |
| 9 (RLIN) | 102550 |
| 245 10 - TITLE STATEMENT | |
| Title | Elements of social and political philosophy / |
| Statement of responsibility, etc. | by J. T. J. Srzednicki. |
| 260 ## - PUBLICATION, DISTRIBUTION, ETC. (IMPRINT) | |
| Place of publication, distribution, etc. | The Hague : |
| Name of publisher, distributor, etc. | Martinus Nijhoff, |
| Date of publication, distribution, etc. | c1976. |
| 300 ## - PHYSICAL DESCRIPTION | |
| Pagination | 189 p. ; |
| Size | 24 cm. |
| 504 ## - BIBLIOGRAPHY, ETC. NOTE | |
| Bibliography, etc | Bibliography: p. [185]-186 & Includes index. |
| 650 #0 - SUBJECT ADDED ENTRY--TOPICAL TERM | |
| Topical term or geographic name as entry element | Political science. |
| 9 (RLIN) | 102551 |
| Topical term or geographic name as entry element | Communities. |
| 9 (RLIN) | 102552 |
| Topical term or geographic name as entry element | Sociology. |
| 9 (RLIN) | 102553 |
| 942 ## - ADDED ENTRY ELEMENTS (KOHA) | |
| Source of classification or shelving scheme | Dewey Decimal Classification |
| Koha item type | Books |
| Lost status | Source of classification or shelving scheme | Damaged status | Not for loan | Collection code | Permanent Location | Current Location | Shelving location | Date acquired | Source of acquisition | Cost, normal purchase price | Total Checkouts | Full call number | Date last seen | Copy number | Koha item type |
|---|---|---|---|---|---|---|---|---|---|---|---|---|---|---|---|
| Dewey Decimal Classification | Non-fiction | Central Library, University of Rajshahi | Central Library, University of Rajshahi | 28/06/1982 | heffers | 14.70 | 320.5 SRE 1976 | 11/05/2014 | C-4 | Books | |||||
| Dewey Decimal Classification | Central Library, University of Rajshahi | Central Library, University of Rajshahi | 28/06/1982 | Heffers | 14.70 | 320.5 SRE 1976 | 11/05/2014 | C-3 | Books | ||||||
| Dewey Decimal Classification | Non-fiction | Central Library, University of Rajshahi | Central Library, University of Rajshahi | 28/06/1982 | W. Heffers and Sons | 14.70 | 320.5 SRE 1976 | 14/05/2014 | C-5 | Books | |||||
| Dewey Decimal Classification | Not For Loan | Non-fiction | Central Library, University of Rajshahi | Central Library, University of Rajshahi | Reading Room | 28/06/1982 | Heffers. | 14.70 | 320.5 SRE 1976 | 14/05/2014 | C-1 | Books | |||
| Dewey Decimal Classification | Non-fiction | Central Library, University of Rajshahi | Central Library, University of Rajshahi | 28/06/1982 | Heffers. | 14.70 | 320.5 SRE 1976 | 14/05/2014 | C-2 | Books |